000 00506nam a2200193 a 4500
001 84955
003 BD-RjUL
005 20250520100128.0
008 250520s1955 bg ||||| |||| 00| 0 eng d
035 _a(BD-RjUL)84955
040 _aBD-RjUL
_beng
_cBD-RjUL
041 _aeng
082 _223
_a658
_bULM 1955
100 _aUllah, Azmat
_915534
245 _aA manual f business organisation /
_cAzmat Ullah
300 _a298 p.;
_c22 cm.
650 _aGeneral Business management
_915535
942 _2ddc
_cBK
999 _c84955
_d84955